| 000 -LEADER |
| fixed length control field |
00865cam a2200229 a 4500 |
| 020 ## - INTERNATIONAL STANDARD BOOK NUMBER |
| ISBN |
007241409X |
| 040 ## - CATALOGING SOURCE |
| Transcribing agency |
DLC |
| 082 00 - DEWEY DECIMAL CLASSIFICATION NUMBER |
| Classification number |
305 MCG 2002 A013 Or. |
| 100 1# - MAIN ENTRY--AUTHOR NAME |
| Personal name |
Papalia, Diane E. |
| 245 12 - TITLE STATEMENT |
| Title |
A child's world : |
| Remainder of title |
infancy through adolescence / |
| 250 ## - EDITION STATEMENT |
| Edition statement |
9th ed. |
| 260 ## - PUBLICATION, DISTRIBUTION, ETC. (IMPRINT) |
| Place of publication |
Boston : |
| Name of publisher |
McGraw-Hill, |
| Year of publication |
c2002. |
| 300 ## - PHYSICAL DESCRIPTION |
| Number of Pages |
1 v. (various pagings) : |
| Other physical details |
col. ill. ; |
| Dimensions |
29 cm. |
| Accompanying material |
+ 1 computer optical disc (4 3/4 in.) |
| 500 ## - GENERAL NOTE |
| General note |
The accompanying "Making the A+ grade" CD-ROM gives students an opportunity to test their comprehension of the course material. |
| 500 ## - GENERAL NOTE |
| General note |
A variety of multi-media instructional aids, including websites, is available to supplement the text. |
| 650 #0 - SUBJECT ADDED ENTRY--TOPICAL TERM |
| Topical Term |
Child development. |
| 650 #0 - SUBJECT ADDED ENTRY--TOPICAL TERM |
| Topical Term |
Child psychology. |
| 650 #0 - SUBJECT ADDED ENTRY--TOPICAL TERM |
| Topical Term |
Adolescence. |
| 700 1# - ADDED ENTRY--PERSONAL NAME |
| Personal name |
Olds, Sally Wendkos. |
| 700 1# - ADDED ENTRY--PERSONAL NAME |
| Personal name |
Feldman, Ruth Duskin. |
| 942 ## - ADDED ENTRY ELEMENTS (KOHA) |
| Koha item type |
សៀវភៅភាសាអង់គ្លេស |
| 952 ## - LOCATION AND ITEM INFORMATION (KOHA) |
| Withdrawn status [LOCAL, KOHA] |
0 |
| 952 ## - LOCATION AND ITEM INFORMATION (KOHA) |
| Withdrawn status [LOCAL, KOHA] |
0 |